Państwa z megamiastami (styczeń 2022) - Statystyki

Ogólne statystyki
  • Ten quiz został rozwiązany 215 razy
  • Średni wynik to 13 z 25
Statystyki odpowiedzi
Liczba megamiast Państwo % Poprawnych
2 Stany Zjednoczone
96%
10 Chiny
95%
1 Rosja
93%
3 Japonia
88%
6 Indie
84%
1 Francja
83%
2 Brazylia
79%
1 Wielka Brytania
77%
1 Meksyk
69%
1 Argentyna
65%
1 Egipt
53%
1 Korea Południowa
52%
1 Indonezja
49%
1 Turcja
47%
1 Republika Południowej Afryki
44%
1 Nigeria
33%
1 Iran
31%
1 Kolumbia
31%
2 Pakistan
30%
1 Wietnam
28%
1 Bangladesz
27%
1 Tajlandia
25%
1 Peru
24%
1 Filipiny
19%
1 Demokratyczna Republika Konga
15%
Nie znaleziono quizów pasujących do podanych kryteriów
Rozkład punktacji
Procent ludzi z każdym wynikiem
Percentyl według liczby udzielonych odpowiedzi
Twoja historia wyników
Nie rozwiązałeś tego quizu